Lorde Songs A-Z - Statistics

General Stats
  • This quiz has been taken 99 times
    91 since last reset
  • The average score is 12 of 19
Answer Stats
Letter Song % Correct
R Ribs | Royals
93%
S Secrets from a Girl | Sober | Sober II (Melodrama) | Solar Power | Still Sane | Stoned at the Nail Salon | Supercut | Swingin Party
93%
T Take Me to the River | Team | Te Ao Mārama | Te Ara Tika | Tennis Court | The Louvre | The Love Club | The Man with the Axe | The Path | This Is Not A Game
91%
G Girl, so confusing | Glory And Gore | Green Light
87%
B Big Star | Biting Down | Bravado | Buzzcut Season
85%
L Ladder Song | Leader of a New Regime | Liability | Liability (Reprise)
76%
H Hard Feelings/Loveless | Helen of Troy | Homemade Dynamite | Hua Pirau
75%
# 400 Lux
67%
M Magnets | Mata Kohore | Meltdown | Million Dollar Bills | Mood Ring
64%
P Perfect Places
61%
A A World Alone
58%
W Writer In The Dark
54%
F Fallen Fruit | Flicker
51%
O Oceanic Feeling
49%
C California
43%
Y Yellow Flicker Beat
42%
D Dominoes
37%
N No Better
37%
E Easy | Everybody Wants To Rule The World
31%
No matching quizzes found
Score Distribution
Percent of People with Each Score
Percentile by Number Answered
Your Score History
You have not taken this quiz since the last reset